| Tag |
First Indicator |
Second Indicator |
Subfields |
| LEADER |
00000cam a2200000 a 4500 |
| 001 |
in00001453921 |
| 005 |
20151021050609.0 |
| 008 |
960126r19961988nyua c 000 1 eng d |
| 010 |
|
|
|z 88003573
|
| 020 |
|
|
|a 0140379959
|
| 035 |
|
|
|a (OCoLC)34089375
|
| 035 |
|
|
|9 AJD4509AM
|
| 037 |
|
|
|b Penguin Books USA Inc., 375 Hudson St., New York, N.Y. 10014
|
| 040 |
|
|
|a JDP
|c JDP
|d SLC
|d TXA
|d UtOrBLW
|
| 049 |
|
|
|a TXAM
|
| 082 |
0 |
4 |
|a [E]
|2 20
|
| 090 |
|
|
|a PZ7.C959
|b Un 1996
|
| 100 |
1 |
|
|a Cushman, Doug.
|
| 245 |
1 |
0 |
|a Uncle Foster's hat tree /
|c by Doug Cushman.
|
| 264 |
|
1 |
|a New York, N.Y., U.S.A. :
|b Puffin Books :
|b Penguin Books USA Inc.,
|c 1996
|
| 264 |
|
4 |
|c ©1988
|
| 300 |
|
|
|a 48 pages :
|b color illustrations ;
|c 22 cm.
|
| 336 |
|
|
|a text
|b txt
|2 rdacontent
|
| 337 |
|
|
|a unmediated
|b n
|2 rdamedia
|
| 338 |
|
|
|a volume
|b nc
|2 rdacarrier
|
| 500 |
|
|
|a Originally published: New York : Dutton, 1988.
|
| 521 |
0 |
|
|a 1.8.
|
| 521 |
|
|
|a "Ages 5-8"--P. [4] of cover.
|
| 520 |
|
|
|a Merle hears four entertaining stories about the hats on Uncle Foster's hat tree and then gets to try on the hats.
|
| 650 |
|
0 |
|a Hats
|x Juvenile fiction.
|
| 650 |
|
0 |
|a Mice
|v Juvenile fiction.
|
| 650 |
|
1 |
|a Hats
|x Fiction.
|
| 650 |
|
1 |
|a Mice
|x Fiction.
|
| 948 |
|
|
|a c:jh
|
| 999 |
|
|
|a MARS
|
| 999 |
f |
f |
|s 6e9fadc0-1585-3fdd-b210-bb335d729ec4
|i f16994c5-c1c9-35a7-afa9-4f99ebd190fc
|t 0
|
| 952 |
f |
f |
|p ric
|a Texas A&M University
|b Rellis Campus
|c Joint Library Facility
|d Remote Storage
|t 0
|e PZ7.C959 Un 1996
|h Library of Congress classification
|i unmediated -- volume
|m A14822341314
|
| 998 |
f |
f |
|a PZ7.C959 Un 1996
|t 0
|l Remote Storage
|